000
00289 a2200109 4500
005
20250628144928.0
100
_a
SCHAEFER, W
245
_a
Business Administration Manual
260
_a
Dar es salaam
_b
College of Business Education
_c
1978
300
_a
232p.: ill; Table
_c
29cm
942
_2
ddc
_c
BKS
999
_c
6067
_d
6067